Thiết kế cơ khí điện tử và mô phỏng : Giáo trình thực hành Cad Cam – Mastercam dành cho người tự học

Enregistré dans:
Détails bibliographiques
Auteur principal:  Lê Thuận
Format: Sách
Langue:Undetermined
Publié:  Giao thông Vận tải  2011
Sujets:
Tags: Ajouter un tag
Pas de tags, Soyez le premier à ajouter un tag!
Thư viện lưu trữ: Trung tâm Thư viện - Trường Đại học Công nghiệp TP. Hồ Chí Minh
LEADER 00599nam a2200157Ia 4500
001 UIH_03751
008 231011s9999 xx 000 0 und d
082 |a  621.815 
100 |a  Lê Thuận 
245 0 |a  Thiết kế cơ khí điện tử và mô phỏng : Giáo trình thực hành Cad Cam – Mastercam dành cho người tự học 
245 0 |c  Lê Thuận 
260 |b  Giao thông Vận tải 
260 |c  2011 
650 |a  Cơ khí;  
927 |a Sách 
980 |a Trung tâm Thư viện - Trường Đại học Công nghiệp TP. Hồ Chí Minh